Le sujet ou du nom propre

Saved in:
Bibliographic Details
Main Author: Lemelin, Jean Marc
Format: Book
Language:Undetermined
Published: Canada Trityque 1996
Subjects:
Tags: Add Tag
No Tags, Be the first to tag this record!
Institutions: Trung tâm Học liệu Trường Đại học Cần Thơ
LEADER 00485nam a2200181Ia 4500
001 CTU_41674
008 210402s9999 xx 000 0 und d
082 |a 155.2 
082 |b L551 
100 |a Lemelin, Jean Marc 
245 0 |a Le sujet ou du nom propre 
245 0 |c Jean Marc Lemelin 
260 |a Canada 
260 |b Trityque 
260 |c 1996 
650 |a Psychology 
904 |i Nguyễn Quang Điền, 010604 
980 |a Trung tâm Học liệu Trường Đại học Cần Thơ